| 000 | 00758nam a2200229 u 4500 | ||
|---|---|---|---|
| 005 | 20260217062535.0 | ||
| 008 | 090813s2006 es r 000 0 spa d | ||
| 020 | _a848768274X | ||
| 035 | _aUPN01000171852 | ||
| 049 | _aCG | ||
| 050 | 4 |
_aLC272 _bC8.4 |
|
| 245 | 0 | 3 |
_aLa cultura escolar en la educación pública : _bvalores, prácticas y discursos / _ccoord. Rodrigo López Zavala. |
| 260 |
_aBarcelona, Esp. : _bPomares ; _aMéxico : _bUniversidad Autónoma de Sinaloa, _c2006. |
||
| 300 | _a160 p. | ||
| 440 | 0 | _aPedagógica mexicana | |
| 650 | 4 |
_aEducación moral _91396 |
|
| 650 | 2 |
_aValores morales _95323 |
|
| 650 | 4 |
_aValores sociales _94177 |
|
| 650 | 4 |
_aCiudadanía _97037 |
|
| 700 | 1 |
_aLópez Zavala, Rodrigo, _ecoord. _933507 |
|
| 905 | _aLibro | ||
| 999 |
_c143956 _d143956 |
||